000 01175nam2a22002411 4500
001 rc\4737151
005 20250612164721.0
035 _a(NLR Aleph) 008735489
090 _a9501469
_c9501469
100 _a20130416d1960 |||y0rusy50 ca
101 0 _arus
102 _aRU
105 _ac z |||||
200 1 _aА.И. Гайдин
210 _aРостов-на-Дону
_cБ. и.
_d1960
215 _a6 с.
_cпортр.
461 0 _1001rc\4737146
_12001#$aНоваторы промышленности Ростовской области$e(Серия кратких рекоменд. указателей)$fРост. гос. науч. б-ка им. Карла Маркса$vВып. 5
_99501441
_cРостов-на-Дону
_d1960
_fРост. гос. науч. б-ка им. Карла Маркса
_nБ. и.
_o(Серия кратких рекоменд. указателей)
_p5 отд. брошюр в обертке
_tНоваторы промышленности Ростовской области
_vВып. 5
702 1 _aГайдин
_bА.И.
_4570
801 0 _aRU
_bNLR
_gpsbo
801 1 _aRU
_bELAR
_2rusmarc
852 _aNLR
_jС307-660/Н-72
942 _cBOOK
980 _aNB